Finance and analysis of capital projects (Record no. 34478)

MARC details
000 -LEADER
fixed length control field 00326nam a2200133Ia 4500
082 ## - DEWEY DECIMAL CLASSIFICATION NUMBER
Classification number 658.1
Item number MER
100 ## - MAIN ENTRY--AUTHOR NAME
Personal name Merrett, A J
245 #0 - TITLE STATEMENT
Title Finance and analysis of capital projects
250 ## - EDITION STATEMENT
Edition statement 2
260 ## - PUBLICATION, DISTRIBUTION, ETC. (IMPRINT)
Place of publication London
Name of publisher Longman
Year of publication 1963
700 ## - ADDED ENTRY--PERSONAL NAME
Personal name Sykes, Allen
942 ## - ADDED ENTRY ELEMENTS (KOHA)
Koha item type Books
Holdings
Withdrawn status Lost status Damaged status Not for loan Home library Current library Date acquired Cost, normal purchase price Full call number Accession Number Koha item type
        RRII Library RRII Library 16/12/2021 10.50 658.1 MER 14914 Books